000 00726cam a22002053a 4500
001 37194
003 PGUSA
005 20140828083821.0
008 110824s2011||||xxu|||||s|||||000 | eng d
040 _aPGUSA
_beng
042 _adc
100 1 _aPerkins, Thomas,
_cRev,
_d1842-1907
245 1 0 _aBell's Cathedrals :
_bThe Cathedral Church of Manchester : A Short History and Description of the Church and of the Collegiate Buildings now known as Chetham's Hospital
_h[electronic resource] /
_cThomas, Perkins
260 _bProject Gutenberg,
_c2011
506 _aPublic domain in the USA.
516 _aElectronic text
830 0 _aProject Gutenberg
_v37194
856 4 0 _uhttp://www.gutenberg.org/ebooks/37194
942 _cEB
999 _c266448
_d266448